000
00298nam a22001217a 4500
041
_a
ENG
100
_a
Dr. Pramod Koparkar
245
_a
C-Dac Entrance Guide
_c
Dr. Pramod Koparkar
260
_a
Pune
_b
Vision Publication
_c
1999
300
_a
345p.
500
_a
C-Dac Entrance Guide
650
_a
Cdac;Computer
999
_c
1
_d
1